| 000 | 00522nam a2200193 a 4500 | ||
|---|---|---|---|
| 005 | 20240911064129.0 | ||
| 008 | 991125s1976 mx 000 0 spa u | ||
| 035 | _aUPN01000001773 | ||
| 049 | _aCG | ||
| 050 | 4 |
_aHB501 _bR4.28 |
|
| 100 | 1 | _aRey, Pierre-Philipp | |
| 245 | 1 | 4 |
_aLas alianzas de clases / _cpor Pierre-Philippe Rey ; tr. de Félix Blanco. |
| 260 |
_aMéxico : _bSiglo XXI, _c1976. |
||
| 300 | _a259 p. | ||
| 440 | 0 | _aTeoría | |
| 650 | 4 |
_aCapitalismo _96436 |
|
| 650 | 4 |
_aPRODUCCION _915251 |
|
| 905 | _aLibro | ||
| 999 |
_c1773 _d1773 |
||